000 00814nam a2200265 a 4500
001 19247
003 BD-RjUL
005 20211209000414.0
008 140223r19661913enk 001 1 eng d
035 _a(BD-RjUL)19305
040 _aBD-RjUL
_beng
_cBD-RjUL
_dBD-RjUL
041 _aeng
082 _a821.7
_bWOS 1966
100 1 _aWordsworth, William,
_d1770-1850.
_959212
245 1 0 _aSelected poems of William Wordsworth /
_cWilliam Wordsworth,
246 1 0 _aSelected poems of Wordsworth
260 _aLondon :
_b Oxford University Press,
_c1913 [reprinted 1966]
300 _axv, 518 p. ;
_c15 cm
490 1 _aWorld's classics ;
_v189
504 _aIncludes index of first lines
650 _a English poetry.
_959213
830 0 _v189
_959419
830 0 _aWorld's classics ;
_959420
942 _2ddc
_cBK
999 _c19247
_d19247